| 000 | 00519nam a2200181Ia 4500 | ||
|---|---|---|---|
| 008 | 240925s9999 xx 000 0 und d | ||
| 020 | _aNA | ||
| 082 | _a004.22 STA | ||
| 100 | _aStallings, William | ||
| 245 | 0 | _aComputer Organization and Architecture: designing for performance | |
| 250 | _a1st | ||
| 260 |
_aNew York: _bPrentice Hall _c,1996. |
||
| 300 |
_a90p. _bN.A _fOriginal |
||
| 500 | _aIncludes Index | ||
| 600 | _aComputer Science | ||
| 650 | _aComputer science, information & general works | ||
| 942 | _cBK | ||
| 999 |
_c4043 _d4043 |
||